000
00278nam a22001217a 4500
082
_a
954.91 MUH'D
100
_a
MUHAMMAD MUNAWWAR
_9
79494
245
_a
DIMENSION OF PAKSITAN MOVEMENT
250
_a
2ND
260
_a
RAWALPINDI
_b
PAP BOARD
_c
1989
300
_a
235P
942
_c
BK
999
_c
584534
_d
584534